| 000 | 01248nac a22003611u 4500 | ||
|---|---|---|---|
| 003 | EG-ScBUE | ||
| 005 | 20220912100715.0 | ||
| 008 | 200219s2007 enka f b 001 0 eng d | ||
| 020 | _a9780500342336 (hbk.) | ||
| 020 | _a0500342334 (hbk.) | ||
| 035 | _a(OCoLC)ocm82671839 | ||
| 035 | _a(OCoLC)82671839 | ||
| 040 |
_aEG-ScBUE _beng _erda _cEG-ScBUE _dEG-ScBUE |
||
| 082 | 0 | 4 |
_a711.4 _bCUM _222 |
| 100 | 1 |
_aCumberlidge, Clare, _eauthor. |
|
| 245 | 1 | 0 |
_aDesign and landscape for people : _bnew approaches to renewal / _cClare Cumberlidge and Lucy Musgrave. |
| 264 | 1 |
_aLondon : _bThames & Hudson, _c2007. |
|
| 300 |
_a224 pages : _bcolor illustrations ; _c25 cm |
||
| 336 |
_2rdacontent _atext _btxt |
||
| 337 |
_2rdamedia _aunmediated _bn |
||
| 338 |
_2rdacarrier _avolume _bnc |
||
| 504 | _aIncludes bibliographical references and index. | ||
| 650 | 7 |
_aUrban renewal. _2BUEsh |
|
| 650 | 7 |
_aRural renewal. _2BUEsh |
|
| 650 | 7 |
_aCity planning. _2BUEsh |
|
| 650 | 7 |
_aSustainable architecture. _2BUEsh |
|
| 651 | _2BUEsh | ||
| 653 | _bENGARC | ||
| 655 |
_vReading book _934232 |
||
| 700 | 1 |
_aMusgrave, Lucy, _eauthor. |
|
| 856 | 4 | 1 |
_3Table of contents _uhttp://www.loc.gov/catdir/toc/fy0801/2007298644.html |
| 942 |
_cBB _k711.4 CUM _2ddc |
||
| 999 |
_c7971 _d7971 |
||